000 00691nam a22002537a 4500
003 UA-OsUOA
001 37429
007 ta
008 20060316b un ||||| |||| 00| 0 ukr d
100 _aЛубшев Ю. Ф.
090 _a347.965(075,8)
_bЛ82
942 _cBK
040 _aUA-OsUOA
_brus
_cUA-OsUOA
_dUA-OsUOA
245 _aКурс адвокадского права
_bУчебник
300 _a392 с.
955 _a2
041 _arus
080 _a347.965(075,8)
020 _a5-94297-068-8
260 _aМ.
_bПрофобразование
_c2004
250 _n2-е
650 7 _a347 Цивільне право. Судовий устрій
_2UDC
999 _c323617
_d323617